[Event "Niedersachsen-ch U10"]
[Site "Rotenburg"]
[Date "2013.03.29"]
[Round "11"]
[White "Meijerink, Inken"]
[Black "Singh, Marvin"]
[Result "0-1"]
[WhiteElo "888"]
[BlackElo "796"]
[PlyCount "120"]
[EventDate "2013.03.23"]
[EventType "swiss"]
[EventRounds "11"]
[EventCountry "GER"]
[SourceTitle "EXT 2015"]
[Source "ChessBase"]
[SourceDate "2014.11.20"]
[SourceVersion "1"]
[SourceVersionDate "2014.11.20"]
[SourceQuality "1"]

1. e4 e6 2. Nf3 d5 3. exd5 exd5 4. d4 c5 5. Bb5+ Bd7 6. Qe2+ Qe7 7. Bxd7+ Nxd7 8. Qxe7+ Bxe7 9. 0-0 cxd4 10. Nxd4 Ngf6 11. Nc3 0-0 12. Bg5 Bc5 13. Rfd1 Rae8 14. Ndb5 Ne4 15. Nxe4 Rxe4 16. Rxd5 Rfe8 17. Kf1 R4e5 18. Rxd7 Rxg5 19. Rad1 Bb6 20. Nc7 Bxc7 21. Rxc7 Rb5 22. Rcd7 Rxb2 23. Rd8 Kf8 24. R8d7 Rxa2 25. Rxb7 Rxc2 26. Rxa7 g6 27. Re1 Rxe1+ 28. Kxe1 Rc1+ 29. Ke2 Rh1 30. h3 Kg7 31. Ra3 Rb1 32. Ra2 Rg1 33. g4 Rh1 34. Ra3 Rc1 35. Kd2 Rf1 36. Ke2 Rb1 37. Kf3 Kh6 38. Kf4 Rh1 39. g5+ Kh5 40. Rg3 Kh4 41. Kf3 Rxh3 42. Rxh3+ Kxh3 43. Kf4 Kh4 44. f3 Kh5 45. Ke5 Kxg5 46. f4+ Kh6 47. Kf6 Kh5 48. Kxf7 Kg4 49. Kg7 Kxf4 50. Kxh7 g5 51. Kh6 g4 52. Kh5 g3 53. Kh4 g2 54. Kh3 g1Q 55. Kh4 Qg5+ 56. Kh3 Kf3 57. Kh2 Qg4 58. Kh1 Kf2 59. Kh2 Qg3+ 60. Kh1 Qh4# 0-1

[Event "Niedersachsen-ch U10"]
[Site "Rotenburg"]
[Date "2013.03.28"]
[Round "10"]
[White "Lindemann, Jarno"]
[Black "Singh, Marvin"]
[Result "1-0"]
[WhiteElo "804"]
[BlackElo "796"]
[PlyCount "94"]
[EventDate "2013.03.23"]
[EventType "swiss"]
[EventRounds "11"]
[EventCountry "GER"]
[SourceTitle "EXT 2015"]
[Source "ChessBase"]
[SourceDate "2014.11.20"]
[SourceVersion "1"]
[SourceVersionDate "2014.11.20"]
[SourceQuality "1"]

1. e4 e6 2. d4 d5 3. exd5 exd5 4. Bd3 Bd6 5. Nf3 Nc6 6. Bb5 Bd7 7. Nc3 Bg4 8. Nxd5 Bf5 9. 0-0 Nf6 10. Bg5 0-0 11. Bxf6 gxf6 12. Nh4 Be4 13. Qg4+ Bg6 14. f4 h5 15. Qg3 Rb8 16. Nxg6 fxg6 17. Qxg6+ Kh8 18. Bd3 Qd7 19. Bf5 Qg7 20. Qxh5+ Kg8 21. Be6+ Rf7 22. Bxf7+ Qxf7 23. Qxf7+ Kxf7 24. h4 Nxd4 25. c3 Ne2+ 26. Kh2 c6 27. Rfe1 Nxf4 28. Nxf4 Bxf4+ 29. g3 Be5 30. Rf1 Rg8 31. Rf3 Ke6 32. Kh3 Kd5 33. Rd1+ Ke4 34. Rfd3 c5 35. c4 Bxb2 36. R3d2 Be5 37. g4 Kf3 38. Rf1+ Ke3 39. Rd7 f5 40. Rxf5 Bd4 41. Re7+ Kd3 42. Rxb7 Kxc4 43. Rxa7 Kd3 44. Kg3 c4 45. Re7 Kd2 46. Rd7 c3 47. Rxd4+ Kc2 1-0